Vida de Don Quijote y Sancho.

Guardado en:
Autor Principal: Unamuno, Miguel de
Formato: Libro
Publicado: Buenos Aires : Espasa Calpe, 1952
Edición:9a. ed.
Series:Colecci¢n Austral, 33
Materias:
Etiquetas: Agregar Etiqueta
Sin Etiquetas, Sea el primero en etiquetar este registro!
LEADER 00540nam a22001935a 4500
001 CEM.cems006360
008 130507s1952##################000#0#####d
005 20250407162607.0
245 1 0 |a Vida de Don Quijote y Sancho. 
250 |a 9a. ed. 
260 |a Buenos Aires :  |b Espasa Calpe,  |c 1952 
300 |a 250 p. 
490 0 |a Colecci¢n Austral, 33 
100 1 |a Unamuno, Miguel de 
082 0 4 |a 868 
653 |a Critica literaria 
653 |a Ensayo español 
653 |a Literatura 
859 |a CEMS  |b BIB. CEMS - 11 de abril  |h 868  |i Un1a9  |p 6382.78  |t Ej.1